[Event "Tamil Nadu IM 26th"]
[Site "Coimbatore"]
[Date "2024.09.02"]
[Round "6"]
[White "Manik, Mikulas"]
[Black "Vahidov, Tair"]
[Result "1/2-1/2"]
[WhiteElo "2320"]
[BlackElo "2345"]
[PlyCount "61"]
[EventDate "2024.08.30"]
[EventType "tourn"]
[EventRounds "9"]
[EventCountry "IND"]
[EventCategory "2"]
[SourceTitle "EXT 2025"]
[Source "ChessBase"]
[SourceDate "2024.10.14"]
[SourceVersion "1"]
[SourceVersionDate "2024.10.14"]
[SourceQuality "1"]

1. e4 c5 2. Nf3 g6 3. d4 cxd4 4. Nxd4 Bg7 5. c4 Nc6 6. Be3 Qb6 7. Nb3 Qd8 8. Qd2 Nf6 9. Nc3 Ng4 10. Bf4 d6 11. f3 Nf6 12. Be2 0-0 13. 0-0 a5 14. Na4 Nd7 15. Be3 b6 16. Nc3 Nc5 17. Nd4 Nxd4 18. Bxd4 Bxd4+ 19. Qxd4 Bb7 20. Rad1 Rc8 21. f4 Bc6 22. Bg4 e6 23. g3 Qe7 24. Qxd6 Qxd6 25. Rxd6 Nxe4 26. Nxe4 Bxe4 27. b3 Rb8 28. Rfd1 Rfc8 29. Kf2 a4 30. R1d2 axb3 31. axb3 1/2-1/2

[Event "Tamil Nadu IM 26th"]
[Site "Coimbatore"]
[Date "2024.08.31"]
[Round "2"]
[White "Manik, Mikulas"]
[Black "Pawar, Harshit"]
[Result "1/2-1/2"]
[WhiteElo "2320"]
[BlackElo "2284"]
[PlyCount "61"]
[EventDate "2024.08.30"]
[EventType "tourn"]
[EventRounds "9"]
[EventCountry "IND"]
[EventCategory "2"]
[SourceTitle "EXT 2025"]
[Source "ChessBase"]
[SourceDate "2024.10.14"]
[SourceVersion "1"]
[SourceVersionDate "2024.10.14"]
[SourceQuality "1"]

1. e4 e5 2. Nf3 Nc6 3. Bb5 Nf6 4. 0-0 Nxe4 5. d4 Nd6 6. Bxc6 dxc6 7. dxe5 Nf5 8. Qxd8+ Kxd8 9. Nc3 Ke8 10. h3 h5 11. Bg5 Be6 12. Rfd1 Bb4 13. Ne2 Be7 14. Nf4 Rd8 15. Bxe7 Rxd1+ 16. Rxd1 Kxe7 17. Ng5 Rh6 18. Nfxe6 fxe6 19. Rd3 a5 20. g3 Rh8 21. Kg2 Rf8 22. f4 b6 23. a4 c5 24. Nf3 Rh8 25. c4 Ke8 26. Kf2 Ke7 27. b3 Rh6 28. g4 hxg4 29. hxg4 Nh4 30. g5 Rh8 31. Nxh4 1/2-1/2

[Event "Tamil Nadu IM 26th"]
[Site "Coimbatore"]
[Date "2024.08.31"]
[Round "3"]
[White "Rohit, S3."]
[Black "Manik, Mikulas"]
[Result "1/2-1/2"]
[WhiteElo "2311"]
[BlackElo "2320"]
[PlyCount "62"]
[EventDate "2024.08.30"]
[EventType "tourn"]
[EventRounds "9"]
[EventCountry "IND"]
[EventCategory "2"]
[SourceTitle "EXT 2025"]
[Source "ChessBase"]
[SourceDate "2024.10.14"]
[SourceVersion "1"]
[SourceVersionDate "2024.10.14"]
[SourceQuality "1"]

1. e4 c5 2. Nf3 d6 3. d4 cxd4 4. Nxd4 Nf6 5. Nc3 g6 6. Be3 Nc6 7. f3 h5 8. Bc4 Na5 9. Bb3 Bd7 10. Qd3 a6 11. h3 Rc8 12. f4 Qc7 13. 0-0 Nc4 14. Bxc4 Qxc4 15. Qd2 Bg7 16. Rad1 0-0 17. e5 Nh7 18. exd6 exd6 19. Nde2 Rfe8 20. Bd4 Bh6 21. Ng3 f5 22. Qf2 Re6 23. Rfe1 Rxe1+ 24. Rxe1 Re8 25. Rxe8+ Bxe8 26. Nge2 Kf7 27. Qh4 Bf8 28. Qd8 Be7 29. Qb8 Bc6 30. Bf2 Nf8 31. Nd4 Ne6 1/2-1/2

[Event "Tamil Nadu IM 25th"]
[Site "Chennai"]
[Date "2024.08.28"]
[Round "9"]
[White "Uuriintuya, Uurtsaikh"]
[Black "Manik, Mikulas"]
[Result "0-1"]
[WhiteElo "2212"]
[BlackElo "2320"]
[PlyCount "129"]
[EventDate "2024.08.22"]
[EventType "tourn"]
[EventRounds "9"]
[EventCountry "IND"]
[EventCategory "1"]
[SourceTitle "CBM 221 Extra"]
[Source "ChessBase"]
[SourceDate "2024.09.30"]
[SourceVersion "1"]
[SourceVersionDate "2024.09.30"]
[SourceQuality "1"]

1. e4 c5 2. Nf3 d6 3. d4 cxd4 4. Nxd4 Nf6 5. Nc3 a6 6. a4 g6 7. Be3 Bg7 8. Be2 0-0 9. 0-0 Nc6 10. Qd2 Bd7 11. Rfd1 Rc8 12. h3 Re8 13. f3 Nxd4 14. Bxd4 Qa5 15. Kh1 Qh5 16. Kg1 Qa5 17. Kh1 Nh5 18. Bxg7 Kxg7 19. f4 Ng3+ 20. Kh2 Nxe2 21. Nxe2 Qxd2 22. Rxd2 Rc4 23. e5 Rxa4 24. Rxa4 Bxa4 25. Nc3 Bc6 26. exd6 Rd8 27. Re2 exd6 28. Rd2 Kf6 29. Kg3 a5 30. Nd5+ Ke6 31. Nb6 d5 32. c3 Rg8 33. Rd1 g5 34. f5+ Kxf5 35. Nxd5 Ke6 36. Ne3 f5 37. Nc2 Be4 38. Nd4+ Ke5 39. Nf3+ Bxf3 40. Kxf3 Rg6 41. Ra1 Ra6 42. Re1+ Kf6 43. g4 f4 44. h4 h6 45. Ra1 a4 46. c4 Rb6 47. Rxa4 Rxb2 48. h5 Ke5 49. Ra5+ Kd4 50. Rd5+ Kxc4 51. Rd6 Rb3+ 52. Kf2 Rg3 53. Rxh6 Rxg4 54. Rb6 Rh4 55. h6 Kc5 56. Rg6 g4 57. h7 Rxh7 58. Rxg4 Rf7 59. Rg1 b5 60. Rc1+ Kb6 61. Rb1 Rc7 62. Kf3 Rc4 63. Rh1 b4 64. Rh8 Rd4 65. Rf8 0-1

[Event "Tamil Nadu IM 25th"]
[Site "Chennai"]
[Date "2024.08.27"]
[Round "8"]
[White "Manik, Mikulas"]
[Black "Gochelashvili, David"]
[Result "1/2-1/2"]
[WhiteElo "2320"]
[BlackElo "2230"]
[PlyCount "63"]
[EventDate "2024.08.22"]
[EventType "tourn"]
[EventRounds "9"]
[EventCountry "IND"]
[EventCategory "1"]
[SourceTitle "CBM 221 Extra"]
[Source "ChessBase"]
[SourceDate "2024.09.30"]
[SourceVersion "1"]
[SourceVersionDate "2024.09.30"]
[SourceQuality "1"]

1. e4 c5 2. Nf3 Nc6 3. Bb5 e6 4. 0-0 Nge7 5. Re1 a6 6. Bxc6 Nxc6 7. d4 cxd4 8. Nxd4 Be7 9. Nxc6 dxc6 10. Qg4 0-0 11. Bh6 Qd4 12. Qg3 Qf6 13. Bf4 Qg6 14. Nd2 Qxg3 15. hxg3 f6 16. e5 Bd7 17. Nc4 Rad8 18. exf6 gxf6 19. Bc7 Rde8 20. Rad1 Bc8 21. f4 Bc5+ 22. Kh2 e5 23. fxe5 Bg4 24. Rd2 fxe5 25. Rxe5 Rxe5 26. Bxe5 Be6 27. Bd6 Bxc4 28. Bxc5 Rf5 29. Rd8+ Kf7 30. Ba7 Rh5+ 31. Kg1 Rd5 32. Rh8 1/2-1/2

[Event "Tamil Nadu IM 25th"]
[Site "Chennai"]
[Date "2024.08.24"]
[Round "4"]
[White "Manik, Mikulas"]
[Black "Annageldyev, Orazly"]
[Result "1-0"]
[WhiteElo "2320"]
[BlackElo "2271"]
[PlyCount "23"]
[EventDate "2024.08.22"]
[EventType "tourn"]
[EventRounds "9"]
[EventCountry "IND"]
[EventCategory "1"]
[SourceTitle "CBM 221 Extra"]
[Source "ChessBase"]
[SourceDate "2024.09.30"]
[SourceVersion "1"]
[SourceVersionDate "2024.09.30"]
[SourceQuality "1"]

1. e4 e5 2. Nf3 Nc6 3. Bb5 g6 4. 0-0 Bg7 5. c3 d6 6. d4 Bd7 7. Bg5 Nge7 8. dxe5 dxe5 9. Nbd2 a6 10. Ba4 0-0 11. Nb3 b6 12. Bxc6 1-0

[Event "Tamil Nadu IM 25th"]
[Site "Chennai"]
[Date "2024.08.23"]
[Round "2"]
[White "Manik, Mikulas"]
[Black "Adharsh, K."]
[Result "1/2-1/2"]
[WhiteElo "2320"]
[BlackElo "2268"]
[PlyCount "61"]
[EventDate "2024.08.22"]
[EventType "tourn"]
[EventRounds "9"]
[EventCountry "IND"]
[EventCategory "1"]
[SourceTitle "CBM 221 Extra"]
[Source "ChessBase"]
[SourceDate "2024.09.30"]
[SourceVersion "1"]
[SourceVersionDate "2024.09.30"]
[SourceQuality "1"]

1. e4 c5 2. Nf3 Nc6 3. Bb5 g6 4. 0-0 Bg7 5. Re1 e5 6. Bxc6 dxc6 7. d3 h6 8. a4 a5 9. Na3 b6 10. Nc4 Qc7 11. Be3 Ba6 12. Bd2 Bxc4 13. dxc4 Rd8 14. Qe2 Nf6 15. Bc3 Nd7 16. Rad1 Nf8 17. Rxd8+ Kxd8 18. Rd1+ Ke7 19. g3 Ne6 20. Kg2 Rd8 21. Rxd8 Kxd8 22. Qd3+ Ke7 23. Kf1 Qd6 24. Qxd6+ Kxd6 25. Ke2 Bh8 26. b3 Bg7 27. h3 Bh8 28. Bb2 Bg7 29. Bc3 Bh8 30. Bb2 Bg7 31. Bc3 1/2-1/2